000 00228 a2200097 4500
001 47767
100 _aFremlin J
245 _aApplications of nuclear physics
260 _aLondon
_bEnglish university
_c
090 _c30769
_d30769
942 _aNUST-CAE
_cM
_c23079
999 _c282840
_d282840